Elden Ring Bosses #2 - Statistics

General Stats
  • This quiz has been taken 31 times
  • The average score is 9 of 16
Answer Stats
Picture Answer % Correct
Elden Beast
88%
Malenia, Blade Of Miquella
81%
Maliketh, The Black Blade
77%
Radagon Of The Golden Order
69%
Messmer the Impaler
65%
Sir Gideon Ofnir, The All-Knowing
62%
Promised Consort Radahn
58%
Bayle The Dread
54%
Hoarah Loux, Warrior
54%
Commander Gaius
50%
Metyr, Mother of Fingers
50%
Rellana, Twin Moon Knight
46%
Romina, Saint of the Bud
46%
Divine Beast Dancing Lion
42%
Midra, Lord of Frenzied Flame
42%
Putrescent Knight
38%
No matching quizzes found
Score Distribution
Percent of People with Each Score
Percentile by Number Answered
Your Score History
You have not taken this quiz